000 00811nam a2200253 i 4500
001 000041402
003 DO-SdBNP
005 20250403092035.0
007 ta
008 131002s1986 dr 000 0 spa d
040 _aDO-SdBNP
_bspa
_cBNPHU
_erda
082 4 _222
245 1 0 _aDiagnóstico de la educación superior Dominicana /.
264 _aSanto Domingo :
_bConsejo Nacional de Educación Superior (CONES),
_c1986.
300 _a398 páginas :
_bilustraciones, gráficos ;
_c28 cm.
336 _2rdacontent
_atexto
_btxt
337 _2rdamedia
_asin mediación
_bnc
338 _2rdacarrier
_avolumen
_bn
504 _aBibliografía
590 _aInventariado, 2023/BT
710 2 _aConsejo Nacional de Educación Superior (República Dominicana)
_917074
910 _aBtavárez
942 _2ddc
_cLBS1
999 _c40892
_d40892